000 00686nam a2200181 i 4500
001 57553
003 ES-MaACL
005 20230906163612.0
007 t|
008 031016s1947 sp ||||1| spa d
100 1 _aDomínguez Berrueta, Juan.
_945191
245 1 0 _aFilosofía mística española /
_cJuan Domínguez Berrueta.
260 _aMadrid :
_bConsejo Superior de Investigaciones Científicas :
_bInstituto Luis Vives de Filosofía,
_c1947 (
_fGráficas Carlos Faure)
300 _a171 p. ;
_c22 cm.
710 2 _aInstituto de Filosofía "Luis Vives"
_9169712
710 2 _aConsejo Superior de Investigaciones Científicas (España)
_93236
852 _aES-MaACL
_jC-4368
_bR.25034
999 _c57553
_d57553